000
00245nam a2200109Ia 4500
008
220204s9999 xx 000 0 und d
082
_a
82-3
_b
HOY
100
_a
Fred
245
4
_a
The Black cloud
260
_a
England
_b
Penguin
_c
1977
942
_c
BK
999
_c
26254
_d
26254